SQL : A beginner's guide

Đã lưu trong:
书目详细资料
主要作者: Sheldon, Robert
格式: 图书
语言:Undetermined
出版: New York McGraw-Hill 2003
主题:
标签: 添加标签
没有标签, 成为第一个标记此记录!
Thư viện lưu trữ: Trung tâm Học liệu Trường Đại học Cần Thơ
LEADER 00582nam a2200229Ia 4500
001 CTU_61540
008 210402s9999 xx 000 0 und d
020 |c 372000 
082 |a 005.7585 
082 |b S324 
100 |a Sheldon, Robert 
245 0 |a SQL : 
245 2 |b A beginner's guide 
245 0 |c Robert Sheldon 
260 |a New York 
260 |b McGraw-Hill 
260 |c 2003 
526 |a Cơ sở dữ liệu 
526 |b CT180 
650 |a SQL,System administration 
904 |i Minh,Hải 
980 |a Trung tâm Học liệu Trường Đại học Cần Thơ